000 00641nam a2200229 a 4500
003 DO-SdBNP
005 20220908152555.0
007 ta
008 220908e2015 |||ad||frf||| 001 0 spa d
040 _aDO-SdBNP
_bspa
_cBNPHU
082 4 _222
_bR175c
245 1 0 _aCódigo de ética. /
260 _a[Santo Domingo] :
_bRamos Grupo. ;
_c[2015]
300 _a35 p. :
_bil. :
_c25 cm.
500 _aCuarta versi
562 _aCuarta versión- octubre 2015
590 _aInventariado 2022 / MF
610 4 _982059
_aGrupo Ramos
_tCódigo de Ética
650 4 _931117
_aInstituciones Públicas
_xÉtica
910 _aMFeliz
942 _2ddc
_cLF2
999 _c52363
_d52363